00264 a2200109 450000100060000008200150000610000300002124500340005126000380008530000140012350000170013792067 a297.18 ARS aMolana Arsalan Bin Akhtar aDilchasp Harat Angaiz Waqeaat aKarachibZam Zam Publishersc2013 a200p.bHb aGeneral Book